|
|
|
|
| LEADER |
01284nam a2200337 a 4500 |
| 001 |
000018472 |
| 003 |
CZ BrMZK |
| 005 |
20230104144725.0 |
| 007 |
ta |
| 008 |
950313s1995 xr f 0 cze d |
| 015 |
|
|
|a cnb000093796
|
| 020 |
|
|
|a 80-85475-18-9
|
| 040 |
|
|
|a BOA001
|b cze
|
| 043 |
|
|
|a e-xr---
|b e-xr-pg
|2 czenas
|
| 072 |
|
7 |
|a 930
|x Historická věda. Pomocné vědy historické. Archivnictví
|2 Konspekt
|9 8
|
| 080 |
|
|
|a 930.253
|2 MRF
|
| 080 |
|
|
|a (437.311)
|2 MRF
|
| 080 |
|
|
|a (062.534)
|2 MRF
|
| 245 |
0 |
0 |
|a Z dějin Státního ústředního archivu a jeho předchůdců :
|b konference ke 40. výročí SÚA konaná dne 6.10.1994 v Praze : sborník příspěvků z konference
|
| 250 |
|
|
|a Vyd. 1.
|
| 260 |
|
|
|a Praha :
|b Státní ústřední archiv,
|c 1995
|
| 300 |
|
|
|a 75 s. ;
|c 21 cm
|
| 500 |
|
|
|a Bibliogr. na konci někt. statí
|
| 610 |
2 |
7 |
|a Státní ústřední archiv v Praze
|7 kn20010710637
|
| 610 |
2 |
7 |
|a Praha (Česko)
|7 ge118011
|2 czenas
|
| 650 |
|
7 |
|a archivy
|z Česko
|7 ph114080
|2 czenas
|
| 655 |
|
7 |
|a sborníky konferencí
|7 fd133333
|2 czenas
|
| 710 |
2 |
|
|a Státní ústřední archiv v Praze
|7 kn20010710637
|
| 910 |
|
|
|a BOA001
|b 2-1007.348
|
| 990 |
|
|
|a BK
|
| 996 |
6 |
|
|b 2610019188
|c 2-1007.348
|l MZK
|r Sklad / do 1 hodiny
|n 4
|p p.v.
|w 000018472
|u 000010
|a 1
|e BOA001
|j MZK50
|s P
|